[Event "Rio de Janeiro Estadual op"]
[Site "Rio de Janeiro"]
[Date "2024.05.30"]
[Round "1"]
[White "Mesquita, Arnaldo Leite"]
[Black "De Albuquerque, Ian Telek C"]
[Result "0-1"]
[WhiteElo "1821"]
[BlackElo "2133"]
[PlyCount "77"]
[EventDate "2024.05.30"]
[EventType "swiss"]
[EventRounds "6"]
[EventCountry "BRA"]
[SourceTitle "CB24_2024"]
[SourceDate "2024.06.12"]
[SourceVersion "1"]
[SourceVersionDate "2024.06.12"]
[SourceQuality "1"]

1. Nf3 c5 2. c4 Nf6 3. Nc3 Nc6 4. g3 d5 5. cxd5 Nxd5 6. Bg2 Nc7 7. 0-0 e5 8. d3 Be7 9. Nd2 Be6 10. b3 0-0 11. Bb2 Qd7 12. Re1 Rac8 13. Rc1 b6 14. Nc4 f6 15. a4 Nd4 16. e3 Nxb3 17. Qxb3 Qxd3 18. Nxe5 fxe5 19. Qc2 Rcd8 20. Ne4 Qxc2 21. Rxc2 Bf6 22. Rcc1 Nd5 23. a5 Nb4 24. Bf1 Nd3 25. Bxd3 Rxd3 26. axb6 axb6 27. Nxf6+ gxf6 28. Ra1 b5 29. f4 Rd2 30. Bc3 Rc2 31. Rec1 Rxc1+ 32. Rxc1 b4 33. Bb2 c4 34. fxe5 c3 35. Bxc3 bxc3 36. Rxc3 fxe5 37. Rc5 Bh3 38. Rc1 Kg7 39. e4 0-1

[Event "Niteroi op 3rd"]
[Site "Niteroi"]
[Date "2023.09.04"]
[Round "1"]
[White "Do Valle Cardoso, Lucas"]
[Black "Mesquita, Arnaldo Leite"]
[Result "1-0"]
[WhiteElo "2303"]
[BlackElo "1701"]
[PlyCount "29"]
[EventDate "2023.09.04"]
[EventType "swiss"]
[EventRounds "9"]
[EventCountry "BRA"]
[SourceTitle "EXT 2024"]
[Source "ChessBase"]
[SourceDate "2023.10.10"]
[SourceVersion "1"]
[SourceVersionDate "2023.10.10"]
[SourceQuality "1"]

1. e4 e6 2. d4 d5 3. Nc3 dxe4 4. Nxe4 Nd7 5. Nf3 Ngf6 6. Bg5 Be7 7. Nxf6+ Nxf6 8. Bd3 Bd7 9. Qe2 h6 10. Bd2 Bc6 11. 0-0-0 Qd5 12. c4 Qh5 13. h3 0-0-0 14. g4 Nxg4 15. hxg4 1-0

[Event "Rio de Janeiro Duchamp op 4th"]
[Site "Rio de Janeiro"]
[Date "2022.12.13"]
[Round "8"]
[White "Mesquita, Arnaldo Leite"]
[Black "Federzoni, Enzo"]
[Result "0-1"]
[WhiteElo "1732"]
[BlackElo "2177"]
[PlyCount "67"]
[EventDate "2022.12.07"]
[EventType "swiss"]
[EventRounds "9"]
[EventCountry "BRA"]
[SourceTitle "EXT 2024"]
[Source "ChessBase"]
[SourceDate "2023.10.10"]
[SourceVersion "1"]
[SourceVersionDate "2023.10.10"]
[SourceQuality "1"]

1. Nf3 c5 2. c4 Nc6 3. Nc3 e5 4. g3 g6 5. Bg2 Bg7 6. d3 Nge7 7. 0-0 0-0 8. Rb1 d6 9. a3 f5 10. Nd5 Nxd5 11. cxd5 Ne7 12. e4 h6 13. Ne1 f4 14. gxf4 exf4 15. b4 cxb4 16. Rxb4 g5 17. Bb2 Ng6 18. Bxg7 Kxg7 19. Nf3 g4 20. Nd4 f3 21. Rxb7+ Kg8 22. Ne6 Bxe6 23. dxe6 fxg2 24. Kxg2 Qh4 25. Qb3 Qh3+ 26. Kg1 Ne5 27. f4 gxf3 28. e7+ Kh8 29. exf8Q+ Rxf8 30. Rf2 Rg8+ 31. Kh1 Qg2+ 32. Rxg2 fxg2+ 33. Kg1 Nf3+ 34. Kf2 0-1

[Event "Rio de Janeiro Duchamp op 4th"]
[Site "Rio de Janeiro"]
[Date "2022.12.07"]
[Round "1"]
[White "Mesquita, Arnaldo Leite"]
[Black "Viana, Dirceu"]
[Result "0-1"]
[WhiteElo "1732"]
[BlackElo "2199"]
[PlyCount "90"]
[EventDate "2022.12.07"]
[EventType "swiss"]
[EventRounds "9"]
[EventCountry "BRA"]
[SourceTitle "CBM 211 Extra"]
[Source "ChessBase"]
[SourceDate "2023.01.31"]
[SourceVersion "1"]
[SourceVersionDate "2023.01.31"]
[SourceQuality "1"]

1. Nf3 d6 2. g3 e5 3. d3 g6 4. Bg5 f6 5. Bd2 Bg7 6. Bg2 Nh6 7. Qc1 Nf7 8. 0-0 0-0 9. c4 Nc6 10. Nc3 Bg4 11. h3 Be6 12. Kh2 Qd7 13. Rb1 Ne7 14. b4 c6 15. b5 c5 16. a4 b6 17. a5 d5 18. Na4 Rab8 19. axb6 axb6 20. Nb2 d4 21. Ra1 h6 22. Ra6 f5 23. Qc2 Nd6 24. Rfa1 Nec8 25. Ng1 g5 26. Ra8 Rxa8 27. Rxa8 e4 28. Be1 exd3 29. exd3 f4 30. Qe2 fxg3+ 31. fxg3 Nf5 32. Bc6 Qd6 33. Nd1 Be5 34. Qg2 Nce7 35. Rxf8+ Kxf8 36. Be4 Kg7 37. Nf3 Bf6 38. Nd2 Nh4 39. Qf2 Be5 40. Kg1 Nhf5 41. Nf1 Qb8 42. Kg2 Qa7 43. Qe2 Ng6 44. Qf3 Bxg3 45. Bxf5 Nh4+ 0-1

[Event "Cinelandia de Andrade Memorial 4th"]
[Site "Cinelandia"]
[Date "2022.08.06"]
[Round "3"]
[White "Veiga Da Silva, Paulo Roberto Costa"]
[Black "Mesquita, Arnaldo Leite"]
[Result "1/2-1/2"]
[WhiteElo "1800"]
[BlackElo "1736"]
[PlyCount "103"]
[EventDate "2022.08.05"]
[EventType "swiss"]
[EventRounds "5"]
[EventCountry "BRA"]
[SourceTitle "CBM 209 Extra"]
[Source "ChessBase"]
[SourceDate "2022.09.30"]
[SourceVersion "1"]
[SourceVersionDate "2022.09.30"]
[SourceQuality "1"]

1. e4 e5 2. Nf3 Nf6 3. Nc3 Bb4 4. Nxe5 d5 5. exd5 Nxd5 6. Bc4 Be6 7. Nxd5 Bxd5 8. Bxd5 Qxd5 9. 0-0 0-0 10. d4 f6 11. Qf3 Qxf3 12. Nxf3 Nd7 13. Bf4 Ba5 14. c3 Rfe8 15. Rfe1 Kf7 16. Kf1 c5 17. Rxe8 Rxe8 18. Re1 Rxe1+ 19. Kxe1 g5 20. Be3 Bb6 21. d5 Bc7 22. c4 a6 23. Ke2 b5 24. b3 bxc4 25. bxc4 Ke7 26. h3 h6 27. g4 Kd6 28. Kd3 Ba5 29. Bc1 Bb4 30. Bb2 Ba5 31. Nd2 Bd8 32. f3 Ke7 33. Ke4 Kf7 34. Bc3 a5 35. Nb3 a4 36. Nd2 Bc7 37. Kf5 Be5 38. Bxe5 Nxe5 39. a3 Ke7 40. Ne4 Nxc4 41. Nxc5 Nxa3 42. Nxa4 Nb5 43. Nb6 Nd4+ 44. Kg6 Nxf3 45. Kxh6 Ng1 46. Kg6 Nxh3 47. Nc4 Nf4+ 48. Kf5 Nxd5 49. Kg6 Ke6 50. Nd2 Ne3 51. Nf3 Nxg4 52. Nxg5+ 1/2-1/2

[Event "BRA-ch Seniors 50+"]
[Site "Sao Paulo"]
[Date "2019.10.12"]
[Round "3"]
[White "De Godoy, Fernando Andre Rolf"]
[Black "Mesquita, Arnaldo Leite"]
[Result "1-0"]
[WhiteElo "1772"]
[BlackElo "1737"]
[PlyCount "65"]
[EventDate "2019.10.11"]
[EventType "swiss"]
[EventRounds "5"]
[EventCountry "BRA"]
[SourceTitle "CBM 193 Extra"]
[Source "ChessBase"]
[SourceDate "2020.01.31"]
[SourceVersion "1"]
[SourceVersionDate "2020.01.31"]
[SourceQuality "1"]

1. d4 Nf6 2. Bf4 d6 3. e3 g6 4. h3 Bg7 5. Nf3 0-0 6. Be2 Nbd7 7. c4 c5 8. Nc3 b6 9. 0-0 Bb7 10. a3 Ne4 11. Nxe4 Bxe4 12. Nd2 Bb7 13. Bf3 Rb8 14. Bxb7 Rxb7 15. Nf3 e5 16. Bg3 Qe7 17. Re1 e4 18. Nd2 f5 19. Nb3 Qe6 20. Qe2 d5 21. Rac1 a5 22. a4 dxc4 23. Rxc4 b5 24. axb5 Qb6 25. Nxc5 Nxc5 26. Rxc5 Ra8 27. Rec1 Bf8 28. Qc4+ Kg7 29. Be5+ Kh6 30. Bf4+ Kh5 31. Qe2+ Kh4 32. Qg4+ fxg4 33. Bg3# 1-0

[Event "BRA-ch Seniors 50+"]
[Site "Sao Paulo"]
[Date "2019.10.11"]
[Round "1"]
[White "Urquiza, Marcello de Albuque"]
[Black "Mesquita, Arnaldo Leite"]
[Result "1-0"]
[WhiteElo "2044"]
[BlackElo "1737"]
[PlyCount "71"]
[EventDate "2019.10.11"]
[EventType "swiss"]
[EventRounds "5"]
[EventCountry "BRA"]
[SourceTitle "CBM 193 Extra"]
[Source "ChessBase"]
[SourceDate "2020.01.31"]
[SourceVersion "1"]
[SourceVersionDate "2020.01.31"]
[SourceQuality "1"]

1. e4 Nf6 2. e5 Nd5 3. c4 Nb6 4. d4 d6 5. exd6 exd6 6. Nf3 Bg4 7. Be3 Nc6 8. Nbd2 Be7 9. Be2 0-0 10. 0-0 f5 11. d5 Ne5 12. Nd4 Qd7 13. Ne6 Rf7 14. f3 Bh5 15. Qb3 Rc8 16. a4 c5 17. dxc6 bxc6 18. Nf4 Bg6 19. c5 dxc5 20. Rfd1 Nd5 21. Nc4 Nxc4 22. Bxc4 Kh8 23. Nxd5 cxd5 24. Bxd5 Rf6 25. Bb7 Qc7 26. Bxc8 Qxc8 27. Bg5 c4 28. Qc3 Bc5+ 29. Kh1 Rf8 30. Qxc4 Bf2 31. Qc3 Bb6 32. Qxc8 Rxc8 33. a5 Bf2 34. Rd8+ Rxd8 35. Bxd8 Bd4 36. Rd1 1-0

[Event "American Continental 15th"]
[Site "Sao Paulo"]
[Date "2019.07.13"]
[Round "11"]
[White "Da Silva, Jefferson Rian Ferr"]
[Black "Mesquita, Arnaldo Leite"]
[Result "1/2-1/2"]
[WhiteElo "1936"]
[BlackElo "1703"]
[PlyCount "100"]
[EventDate "2019.07.05"]
[EventType "swiss"]
[EventRounds "11"]
[EventCountry "BRA"]
[SourceTitle "CBM 191 Extra"]
[Source "ChessBase"]
[SourceDate "2019.09.30"]
[SourceVersion "1"]
[SourceVersionDate "2019.09.30"]
[SourceQuality "1"]

1. c4 Nf6 2. Nc3 c5 3. g3 Nc6 4. Bg2 g6 5. e3 Bg7 6. Nge2 0-0 7. 0-0 d6 8. d3 Rb8 9. e4 e5 10. f4 Ne8 11. f5 g5 12. g4 Bf6 13. Rf3 h6 14. h4 Nc7 15. Rh3 Kg7 16. Ng3 Rh8 17. Nh5+ Kg8 18. Be3 Be7 19. Qd2 f6 20. hxg5 hxg5 21. Kf2 Kf7 22. Rah1 Qg8 23. R1h2 Bd7 24. Qc1 Rf8 25. a3 Ke8 26. Nd5 Nxd5 27. exd5 Nd4 28. Bxd4 cxd4 29. Ng3 Qg7 30. Qh1 Rxh3 31. Rxh3 Rh8 32. Rh7 Qf8 33. Qh5+ Kd8 34. Rf7 Qe8 35. Qh7 Rf8 36. Rg7 Rh8 37. Qg6 Qxg6 38. Rxg6 Be8 39. Rg7 Rh4 40. Kf3 Ba4 41. Bf1 Rh2 42. Be2 Ke8 43. Rg8+ Bf8 44. Ne4 Kf7 45. Rg6 Be7 46. c5 dxc5 47. d6 Bd8 48. Nxc5 Bc6+ 49. Ne4 Rh7 50. Kf2 Bb5 1/2-1/2

[Event "Rio de Janeiro Cortinhas Memorial 3rd"]
[Site "Rio de Janeiro"]
[Date "2019.04.28"]
[Round "3"]
[White "Amaral, Felipe Eduardo CM"]
[Black "Mesquita, Arnaldo Leite"]
[Result "0-1"]
[WhiteElo "1554"]
[BlackElo "1741"]
[PlyCount "84"]
[EventDate "2019.04.27"]
[EventType "swiss"]
[EventRounds "6"]
[EventCountry "BRA"]
[SourceTitle "CBM 190 Extra"]
[Source "ChessBase"]
[SourceDate "2019.07.15"]
[SourceVersion "1"]
[SourceVersionDate "2019.07.15"]
[SourceQuality "1"]

1. d4 Nf6 2. c4 e5 3. dxe5 Ng4 4. Nf3 Bc5 5. e3 Nc6 6. a3 Ngxe5 7. b4 Nxf3+ 8. Qxf3 Be7 9. Bb2 0-0 10. Bd3 d6 11. Qe2 Ne5 12. Bc2 Be6 13. Nd2 Bf6 14. Rc1 a5 15. b5 Nd7 16. Qh5 g6 17. Bxf6 Qxf6 18. Qf3 Qxf3 19. gxf3 f5 20. f4 Nc5 21. h4 a4 22. h5 Kg7 23. Bd1 Nd3+ 24. Kf1 Nxc1 25. Rg1 Nb3 26. Nf3 Bxc4+ 27. Be2 Bd5 28. Nh4 Rf6 29. hxg6 hxg6 30. Bh5 Bf7 31. Bf3 Nd2+ 32. Ke2 Nxf3 33. Nxf3 Bc4+ 34. Kd2 Bxb5 35. Nd4 Bd7 36. Kc3 c5 37. Ne2 d5 38. Ng3 Kf7 39. f3 Rb6 40. Rc1 Rb3+ 41. Kd2 c4 42. Ke2 Rh8 0-1

[Event "Rio de Janeiro Padua Memorial 3rd"]
[Site "Rio de Janeiro"]
[Date "2018.11.04"]
[Round "6"]
[White "Souza, Iago Henrique Da Si"]
[Black "Mesquita, Arnaldo Leite"]
[Result "1-0"]
[WhiteElo "2070"]
[BlackElo "1749"]
[PlyCount "33"]
[EventDate "2018.11.02"]
[EventType "swiss"]
[EventRounds "6"]
[EventCountry "BRA"]
[SourceTitle "CBM 187 Extra"]
[Source "ChessBase"]
[SourceDate "2018.11.04"]
[SourceVersion "1"]
[SourceVersionDate "2018.11.04"]
[SourceQuality "1"]

1. e4 e5 2. Nc3 Nf6 3. Nf3 Bb4 4. d3 Nc6 5. Be2 h6 6. 0-0 0-0 7. Nd5 Ba5 8. c3 Nxd5 9. exd5 Ne7 10. b4 Bb6 11. c4 d6 12. Bb2 Ng6 13. d4 exd4 14. Nxd4 Qg5 15. Nf3 Qd8 16. Qc1 f6 17. c5 1-0

[Event "Rio de Janeiro Padua Memorial 3rd"]
[Site "Rio de Janeiro"]
[Date "2018.11.03"]
[Round "4"]
[White "Rodrigues, Nei Jorge"]
[Black "Mesquita, Arnaldo Leite"]
[Result "1-0"]
[WhiteElo "1978"]
[BlackElo "1749"]
[PlyCount "79"]
[EventDate "2018.11.02"]
[EventType "swiss"]
[EventRounds "6"]
[EventCountry "BRA"]
[SourceTitle "CBM 187 Extra"]
[Source "ChessBase"]
[SourceDate "2018.11.04"]
[SourceVersion "1"]
[SourceVersionDate "2018.11.04"]
[SourceQuality "1"]

1. d4 Nf6 2. g3 d5 3. c4 c6 4. Bg2 e6 5. Nf3 Bb4+ 6. Nbd2 0-0 7. a3 Be7 8. 0-0 Nbd7 9. b4 b5 10. c5 Ne4 11. Nb3 g5 12. Ne5 Nxe5 13. dxe5 f6 14. Qc2 fxe5 15. Bxe4 dxe4 16. Rd1 Qe8 17. Qxe4 Qf7 18. Be3 Qf5 19. Qxc6 Rb8 20. Na5 Bd8 21. Rxd8 Rxd8 22. Qc7 Bd7 23. Nb7 Rbc8 24. Qd6 Bc6 25. Nxd8 Bd5 26. Qe7 h6 27. Qe8+ Qf8 28. Qxb5 Qxd8 29. Rd1 Qe7 30. Qd3 Kg7 31. b5 Qf7 32. c6 a6 33. a4 Qc7 34. Qc3 axb5 35. axb5 Kf6 36. Qc5 Qa5 37. Rxd5 Qe1+ 38. Kg2 Ra8 39. Rd7 Ra1 40. Qe7+ 1-0

[Event "Rio de Janeiro Andrade Memorial 2nd"]
[Site "Rio de Janeiro"]
[Date "2018.09.09"]
[Round "5"]
[White "Mesquita, Arnaldo Leite"]
[Black "Baeta, Marcio Netto"]
[Result "0-1"]
[WhiteElo "1707"]
[BlackElo "1960"]
[PlyCount "78"]
[EventDate "2018.09.07"]
[EventType "swiss"]
[EventRounds "6"]
[EventCountry "BRA"]
[SourceTitle "CBM 186 Extra"]
[Source "ChessBase"]
[SourceDate "2018.08.24"]
[SourceVersion "1"]
[SourceVersionDate "2018.08.24"]
[SourceQuality "1"]

1. Nf3 b6 2. d4 Bb7 3. c4 e6 4. a3 f5 5. Nc3 Nf6 6. Bg5 Be7 7. e3 0-0 8. Be2 c5 9. 0-0 d6 10. dxc5 bxc5 11. Qc2 Nbd7 12. Rfd1 Qb6 13. Rab1 h6 14. Bh4 g5 15. Bg3 Ne4 16. Nxe4 Bxe4 17. Qa4 Rad8 18. h3 Bxb1 19. Rxb1 Nf6 20. Nd2 Ne4 21. Nxe4 fxe4 22. Qc2 d5 23. f3 Qc6 24. fxe4 dxe4 25. Bf3 Rd3 26. Qxd3 Rxf3 27. Qb3 Rf8 28. Qb5 Qxb5 29. cxb5 Rd8 30. Rf1 Rd3 31. Bb8 Rb3 32. Be5 Rxb5 33. Rd1 Rb7 34. Kf2 Kf7 35. Ke2 Ke8 36. g4 Bf8 37. Bf6 Bg7 38. Bxg7 Rxg7 39. Rd6 Rb7 0-1

[Event "Rio de Janeiro Andrade Memorial 2nd"]
[Site "Rio de Janeiro"]
[Date "2018.09.07"]
[Round "1"]
[White "Mesquita, Arnaldo Leite"]
[Black "Guimaraes, Wagner Peixoto"]
[Result "0-1"]
[WhiteElo "1707"]
[BlackElo "2262"]
[PlyCount "72"]
[EventDate "2018.09.07"]
[EventType "swiss"]
[EventRounds "6"]
[EventCountry "BRA"]
[SourceTitle "CBM 186 Extra"]
[Source "ChessBase"]
[SourceDate "2018.08.24"]
[SourceVersion "1"]
[SourceVersionDate "2018.08.24"]
[SourceQuality "1"]

1. Nf3 Nf6 2. g3 e6 3. c4 d5 4. b3 Be7 5. Bg2 0-0 6. 0-0 a5 7. Bb2 a4 8. bxa4 dxc4 9. Nc3 Nbd7 10. Qc2 c6 11. Rfd1 Qa5 12. Nd4 Nb6 13. Bxc6 bxc6 14. Nxc6 Qc5 15. Nxe7+ Qxe7 16. Nb5 Rxa4 17. Bd4 Rb4 18. Rdb1 Rxb1+ 19. Rxb1 Nbd5 20. Qxc4 Rd8 21. Bc5 Qb7 22. e4 Nb6 23. Qc2 Na8 24. Nd6 Qc7 25. e5 Nd5 26. d4 Bd7 27. Rb7 Qa5 28. Ra7 Qe1+ 29. Kg2 Bc6 30. Kh3 Qf1+ 31. Kh4 Qg2 32. Qe2 Qxh2+ 33. Kg4 f5+ 34. exf6 Nxf6+ 35. Kf4 Qh6+ 36. Ke5 Nd7+ 0-1

[Event "BRA-ch Amateur U1800"]
[Site "Sao Paulo"]
[Date "2018.06.03"]
[Round "7"]
[White "Mesquita, Arnaldo Leite"]
[Black "Abilhoa, Gustavo Auer"]
[Result "0-1"]
[WhiteElo "1742"]
[BlackElo "1672"]
[PlyCount "58"]
[EventDate "2018.05.31"]
[EventType "swiss"]
[EventRounds "7"]
[EventCountry "BRA"]
[SourceTitle "EXT 2021"]
[Source "ChessBase"]
[SourceDate "2020.10.23"]
[SourceVersion "1"]
[SourceVersionDate "2020.10.23"]
[SourceQuality "1"]

1. Nf3 Nf6 2. c4 g6 3. g3 Bg7 4. Bg2 0-0 5. Nc3 d6 6. 0-0 e5 7. d3 c6 8. c5 Re8 9. cxd6 Qxd6 10. Nd2 Be6 11. Nde4 Nxe4 12. Nxe4 Qc7 13. Bg5 Nd7 14. Qc1 f5 15. Nc3 Qd6 16. b4 Rab8 17. Be3 b6 18. b5 c5 19. a4 Nf6 20. Bc6 Rec8 21. f4 Nd5 22. Bxd5 Bxd5 23. Nxd5 Qxd5 24. Qc4 Qxc4 25. dxc4 exf4 26. Bxf4 Bxa1 27. Bxb8 Bd4+ 28. Kg2 Rxb8 29. Kf3 Re8 0-1